000 00630nam a2200229 a 4500
999 _c10455
_d10455
001 10455
003 BD-JhCC
005 20180520111106.0
008 180428s1966 u |||| || | 000 0 eng d
035 _a(BD-JhCC)10455
040 _aBD-JhCC
_dBD-JhCC
041 _aeng
082 _a813.52
_bNOR 1966
100 _aNorthman, Phillip
245 _aThe great Gatsby :
_bnotes /
_cPhillip Northman,
260 _aUSA :
_bCliff's Notes
_c1966
300 _a55 p. :
_c21 cm.
650 _aGreat Gatsby (Fitzgerald, F. Scott)
650 _aFitzgerald, F. Scott (Francis Scott), 1896-1940
942 _2ddc
_cBK